backstreet boys name - Statistics

General Stats
  • This quiz has been taken 289 times
  • The average score is 4 of 5
Answer Stats
Answer % Correct
nick carter
97%
aj mclean
76%
kevin richardson
76%
brian littrell
71%
howie dorough
62%
No matching quizzes found
Score Distribution
Percent of People with Each Score
Percentile by Number Answered
Your Score History
You have not taken this quiz